Statystyki dla Największe Miasta Kresów Wschodnich

Kliknij tutaj aby rozwiązać quiz!

Ogólne statystyki

  • Ten quiz został rozwiązany 17 razy
  • Średni wynik to 7 z 10

Statystyki odpowiedzi

OdpowiedźL% Poprawnych
Lwów717 803
100%
Grodno356 900
94%
Wilno602 430
94%
Brześć339 700
82%
Iwano-Frankiwsk / Stanisławów238 196
76%
Pińsk130 600
53%
Tarnopol216 384
53%
Baranowicze168 200
41%
Łuck221 200
41%
Nowogródek29 424
29%

Rozkład punktacji

Percentyl według liczby udzielonych odpowiedzi

Procent ludzi z każdym wynikiem

Twoja historia wyników

Nie rozwiązałeś tego quizu